Superhero/Supervillain Phonetics #2 - Statistics

General Stats
  • This quiz has been taken 27 times
  • The average score is 8 of 16
Answer Stats
Hint Answer % Correct
Careen Land Tern Green Lantern
96%
Bull Lack Wood Oh Black Widow
85%
Sin Nest Row Sinestro
81%
Dock Tore Rock Top Us Doctor Octopus
74%
Pain Go in Penguin
70%
Rich Herd Drag Hun Richard Dragon
63%
Say Burr Two Oof Sabretooth
59%
Oar Ache Hull Oracle
56%
Pro Fist Her Rex Professor X
44%
Gore ill Ugh Rod Gorilla Grodd
41%
Bear Ants Emo Baron Zemo
37%
id Aired Eh Ville Daredevil
30%
Ebb On He Ma Ebony Maw
26%
Miss Teen Aight Misty Knight
22%
Hindu Go Fife Indigo 5
11%
Eclair Eon Twitch Ebb Oi Klarion the Witch Boy
0%
No matching quizzes found
Score Distribution
Percent of People with Each Score
Percentile by Number Answered
Your Score History
You have not taken this quiz